Statistiken für Nationales Essen

Klicken Sie hier um das Quiz zu spielen!

Allgemein

  • Dieses Quiz wurde 1.735 mal gespielt
  • Das Durchschnittsergebnis liegt bei 8 aus 17

Antwortstatistiken

FrageAntwort% Korrekt
BayernWeißwurst
91%
EnglandHam and Egges
83%
SpanienPaella
75%
WienSachertorte
70%
FrankreichBrie
69%
GriechenlandFeta
65%
ÖsterreichSchnitzel
63%
SchwedenSmörgås
54%
IndienSamosa
45%
UngarnSalami
41%
PeruCeviche
32%
ThailandBami
29%
KanadaErdnussbutter
24%
ChinaJiaozi
24%
ItalienGorgonzola
21%
RusslandKaviar
18%
MexikoSchokolade
1%

Verteilung der Resultate

Perzentil nach korrekt beantworteten Fragen

Anzahl Personen mit jedem Resultat

Ihre Resultats-Entwicklung

Sie haben dieses Quiz noch nicht gespielt